000 00775nam a2200325Ia 4500
008 210210b1865 xxu||||| |||| 00| 0 eng d
041 _aeng
082 _a270/17
100 _aDARRAS (Abbe J E)
245 _aGeneral history of the catholic church Vol.4
_bFrom the commencement of the christian era until the present time
260 _aNew York
_bNot Mentioned
_c1865
300 _axiii,694
440 _a4
650 _aVol.4
650 _auntil
650 _atime
650 _athe
650 _apresent
650 _aof
650 _ahistory
650 _aGeneral
650 _aFrom
650 _aera
650 _acommencement
650 _achurch
650 _achristian
650 _acatholic
690 _aChristianity
906 _a001443
999 _c116557
_d116557